অবনীন্দ্র-নন্দনতত্ত্ব এবং অন্যান্য প্রসঙ্গ / (Record no. 55916)
[ view plain ]
| 000 -LEADER | |
|---|---|
| fixed length control field | 00824nam a2200229 a 4500 |
| 001 - CONTROL NUMBER | |
| control field | 55916 |
| 003 - CONTROL NUMBER IDENTIFIER | |
| rucl marc code | BD-RjUL |
| 005 - DATE AND TIME OF LATEST TRANSACTION | |
| control field | 20211209080330.0 |
| 008 - FIXED-LENGTH DATA ELEMENTS--GENERAL INFORMATION | |
| fixed length control field | 161124s2008 bg ||||| |||| 00| 0 eng d |
| 035 ## - SYSTEM CONTROL NUMBER | |
| System control number | (BD-RjUL)56040 |
| 040 ## - CATALOGING SOURCE | |
| Original cataloging agency | BD-RjUL |
| Language of cataloging | eng |
| Transcribing agency | BD-RjUL |
| 041 ## - LANGUAGE CODE | |
| Language code of text/sound track or separate title | eng |
| 082 ## - DEWEY DECIMAL CLASSIFICATION NUMBER | |
| Edition number | 23 |
| Classification number | 701.17 |
| Author mark and year | CHA 2004 |
| 100 1# - MAIN ENTRY--PERSONAL NAME | |
| Personal name | চৌধুরী, সত্যজিৎ |
| 9 (RLIN) | 166684 |
| 245 10 - TITLE STATEMENT | |
| Title | অবনীন্দ্র-নন্দনতত্ত্ব এবং অন্যান্য প্রসঙ্গ / |
| Statement of responsibility, etc. | সত্যজিৎ চৌধুরী |
| 250 ## - EDITION STATEMENT | |
| Edition statement | নতুন সং. |
| 260 ## - PUBLICATION, DISTRIBUTION, ETC. (IMPRINT) | |
| Place of publication, distribution, etc. | ঢাকা : |
| Name of publisher, distributor, etc. | কপোতাক্ষ, |
| Date of publication, distribution, etc. | ২০০৪ |
| 300 ## - PHYSICAL DESCRIPTION | |
| Pagination | ৩৫৮ পৃ : |
| Size | ২২ সেমি. |
| 650 ## - SUBJECT ADDED ENTRY--TOPICAL TERM | |
| Topical term or geographic name as entry element | নন্দনতত্ব |
| 9 (RLIN) | 124123 |
| Topical term or geographic name as entry element | Aesthetics |
| 9 (RLIN) | 124124 |
| 942 ## - ADDED ENTRY ELEMENTS (KOHA) | |
| Source of classification or shelving scheme | Dewey Decimal Classification |
| Koha item type | Books |
| Lost status | Source of classification or shelving scheme | Damaged status | Not for loan | Collection code | Permanent Location | Current Location | Shelving location | Date acquired | Source of acquisition | Cost, normal purchase price | Total Checkouts | Full call number | Date last seen | Date checked out | Copy number | Koha item type |
|---|---|---|---|---|---|---|---|---|---|---|---|---|---|---|---|---|
| Dewey Decimal Classification | Non-fiction | Central Library, University of Rajshahi | Central Library, University of Rajshahi | 22/11/2009 | Dhaka,Paragon Enterprise Lit., | 150.00 | 3 | B 701.17 CHA 2004 | 11/08/2022 | 20/07/2022 | C-2 | Books | ||||
| Dewey Decimal Classification | Not For Loan | Non-fiction | Central Library, University of Rajshahi | Central Library, University of Rajshahi | Reading Room | 19/07/2006 | Dhaka paragon enterprises ltd. | 150.00 | B 701.17 CHA 2004 | 29/12/2016 | C-1 | Books | ||||
| Dewey Decimal Classification | Non-fiction | Central Library, University of Rajshahi | Central Library, University of Rajshahi | 19/02/2006 | Paragogn Enterprise, Dhaka | 150.00 | 3 | B 701.17 CHA 2004 | 19/01/2022 | 17/12/2021 | C-3 | Books | ||||
| Dewey Decimal Classification | Non-fiction | Central Library, University of Rajshahi | Central Library, University of Rajshahi | 22/11/2005 | Paragogn Enterprise, Dhaka | 150.00 | 2 | B 701.17 CHA 2004 | 14/03/2022 | 19/01/2022 | C-4 | Books |